000 01467nam a22003497i 4500
003 DO-SdBNP
005 20250526113050.0
007 ta
008 220209b2019 dr ad||| |||| 00| 0 spa d
020 _a9789945909869
040 _aDO-SdBNP
_bspa
_cBNPHU
_erda
082 4 _a368.40097293
_bB742s
_222
100 1 _aBosch Carcuro, Matías
_981196
_eautor
245 1 0 _aSistema de pensiones :
_bde la estafa del siglo a un modelo justo e incluyente /
_cMatías Bosch Carcuro, Edgar García Cabrera, Airon Fernández Gil ; coordinador Alessio Adanti.
264 _aSanto Domingo :
_bInstituto Sindical de Cooperación al Desarrollo (ISCOS)
_c2019.
300 _a200 paginas :
_bilustraciones., gráficass. , tablas ;
_c23 cm.
336 _2rdacontent
_atexto
_btxt
337 _2rdamedia
_asin mediación
_bn
338 _2rdacarrier
_avolumen
_bnc
500 _aIncluye referencias bibliográficas y notas al pie de las páginas
504 _aBibliografía : p. 193-200
590 _aInventariado, 2022 /LP
650 4 _aSeguridad social
_zRepública Dominicana
_92151
650 4 _aSeguridad social
_zAmérica Latina
_978840
650 4 _aPensiones
_zRepública Dominicana
_978841
650 0 _aFondo de pensiones
_zAmérica Latina
_915697
700 1 _aGarcía Cabrera, Edgar
_981197
700 1 _aFernández Gil´, Airon
_981198
700 1 _aAdanti, Alessio,
_ecoord.
_981199
910 _aLopérez./Validado. Control de calidad MFF
942 _2ddc
_cLBS1
999 _c51390
_d51390